000 00685nam a22002057a 4500
999 _c11314
_d11314
003 AR-CdUCM
008 190403b ||||| |||| 00| 0 spa d
040 _aMUNICIPALIDAD PROVINCIAL DEL CUSCO
_cBIBLIOTECA MUNICIPAL DEL CUSCO
082 _a868.49 /
_bI38 / 1945
100 _aIlin, M,
_91987
245 _aUn paseo por la casa /
260 _aLa Plata :
_bCalomino,
_c1945.
300 _a153 páginas ;
_c18 cm.
505 _aContenido : La canilla del agua caliente -- El valor del fuego -- La cocina y la mesa -- El estante de la cocina ...
650 _aLiteratura
_983
650 _aArgentina
_9511
650 _aLatinoamericana
_95799
942 _2ddc
_cLIBROS
945 _arah